000
00310nam a22001217a 4500
008
181126b xxu||||| |||| 00| 0 eng d
041
_a
eng
080
_a
043.3
100
_a
0
101
_a
BTH-MBE
245
_a
Realizimi i Aktiviteteve te Marketingut me Buxhet te Kufizuar
_c
Gjonbalaj, H.M
942
_2
udc
_c
BK
999
_c
52511
_d
52511